Voronet /

Saved in:
Bibliographic Details
Main Author: Musicescu, Maria Ana
Format: Book
Language:English
Published: Bucharest : Meridiane, 1971.
Edition:2nd ed.
Subjects:
LEADER 00844nam a22002171 4500
001 c000197277
003 CARM
005 20021125001700.0
008 851003s1971 rm 0 eng d
019 1 |a 3984967  |5 LACONCORD2021 
035 |a (OCoLC)17569058  |5 LACONCORD2021 
100 1 |a Musicescu, Maria Ana. 
245 1 0 |a Voronet /  |c Text by M.A.Musicescu. Illus. selected by S.Ulea. 
250 |a 2nd ed. 
260 |a Bucharest :  |b Meridiane,  |c 1971. 
650 0 |a Decoration and ornament, Ecclesiastical  |z Voronet, Rumania. 
650 0 |a Mural painting and decoration  |z Voronet, Rumania. 
852 8 |b CARM  |h A2:AE21H0  |i F00799  |p 0296228  |f BK 
082 0 4 |a 755.209498 
999 f f |i b36729e4-8efe-5598-a101-0d3e8006727b  |s 28a33caa-3d64-5d4b-8fc3-a8eb965e1a39 
952 f f |p Can circulate  |a CAVAL  |b CAVAL  |c CAVAL  |d CARM 1 Store  |e F00799  |f A2:AE21H0  |h Other scheme  |i book  |m 0296228